|
|
|
|
| LEADER |
01471nam a22003375a 4500 |
| 001 |
27988 |
| 003 |
BD-DhAAL |
| 005 |
20220525163721.0 |
| 008 |
140423s2012 bg g b 001 0 eng d |
| 999 |
|
|
|c 14297
|d 14297
|
| 010 |
|
|
|a 2013315689
|
| 020 |
|
|
|a 9789845061087
|
| 040 |
|
|
|a DLC
|c DLC
|d BD-DhAAL
|
| 041 |
|
|
|a eng
|
| 082 |
0 |
4 |
|2 23
|a 338.95492
|
| 100 |
1 |
|
|a Rahman, A.T. Rafiqur.
|9 4307
|
| 245 |
0 |
0 |
|a Can Bangladesh be a middle income country within a decade? :
|b a study in Bangladesh's growth prospects /
|c A.T. Rafiqur Rahman; foreword by Dr. Wahiduddin Mahmud
|
| 260 |
|
|
|a Dhaka :
|b University Press Limited,
|c 2012.
|
| 300 |
|
|
|a 82 p. ;
|c 22 cm.
|
| 490 |
|
0 |
|a UPL monograph series
|
| 504 |
|
|
|6 Includes bibliographical references and index.
|
| 541 |
|
|
|a Donated By Akbar Ali Khan (38682)
|e 27988, 38682
|
| 650 |
|
0 |
|a Economic development
|z Bangladesh
|9 4304
|
| 650 |
|
0 |
|a Economic development
|9 4305
|
| 650 |
|
0 |
|a Economics.
|9 48741
|
| 651 |
|
0 |
|a Bangladesh
|x economic policy
|9 4306
|
| 700 |
1 |
|
|a Mahmud, Wahiduddin.
|9 4308
|
| 852 |
|
|
|a Ayesha Abed Library
|c General Stacks
|
| 942 |
|
|
|2 ddc
|c BK
|
| 952 |
|
|
|0 0
|1 0
|2 ddc
|4 0
|6 338_954920000000000_RAH
|7 0
|9 24181
|a IGS
|b IGS
|c GEN
|d 2014-04-23
|e The University Press Limited
|g 360.00
|l 0
|o 338.95492 RAH
|p 3010027988
|r 2014-04-23
|t 1
|w 2014-04-23
|y BK
|
| 952 |
|
|
|0 0
|1 0
|2 ddc
|4 0
|6 338_954920000000000_RAH
|7 1
|9 70714
|a BRACUL
|b BRACUL
|c AAKC
|d 2022-05-25
|e Donated by Akbar Ali Khan
|l 0
|o 338.95492 RAH
|p 3010038682
|r 2022-05-25
|t 2
|w 2022-05-25
|y BK
|